MEMOIRS (Record no. 584488)
[ view plain ]
| 000 -LEADER | |
|---|---|
| fixed length control field | 00265nam a22001217a 4500 |
| 082 ## - DEWEY DECIMAL CLASSIFICATION NUMBER | |
| Classification number | 923.1 MEM'T |
| 100 ## - MAIN ENTRY--PERSONAL NAME | |
| Personal name | TRUMAN, HARRY S |
| 9 (RLIN) | 79448 |
| 245 ## - TITLE STATEMENT | |
| Title | MEMOIRS |
| 250 ## - EDITION STATEMENT | |
| Edition statement | VOL-1&2 |
| 260 ## - PUBLICATION, DISTRIBUTION, ETC. | |
| Place of publication, distribution, etc. | NEWYORK |
| Name of publisher, distributor, etc. | SIGNET |
| Date of publication, distribution, etc. | 1965 |
| 650 ## - SUBJECT ADDED ENTRY--TOPICAL TERM | |
| Topical term or geographic name entry element | WORLD WAR-II |
| 9 (RLIN) | 79449 |
| 942 ## - ADDED ENTRY ELEMENTS (KOHA) | |
| Koha item type | Book |
| Withdrawn status | Lost status | Damaged status | Not for loan | Permanent Location | Current Location | Shelving location | Date acquired | Total Checkouts | Full call number | Barcode | Date last seen | Price effective from | Koha item type |
|---|---|---|---|---|---|---|---|---|---|---|---|---|---|
| College of Electrical & Mechanical Engineering (CEME) | College of Electrical & Mechanical Engineering (CEME) | General Stacks | 07/04/2017 | 923.1 MEM'T | CEME-6664 | 06/28/2021 | 06/28/2021 | Book | |||||
| College of Electrical & Mechanical Engineering (CEME) | College of Electrical & Mechanical Engineering (CEME) | General Stacks | 07/04/2017 | 923.1 MEM'T | CEME-6665 | 06/28/2021 | 06/28/2021 | Book |
